Aplicación del enfoque de género en el proceso penal colombiano /

Detalles Bibliográficos
Autor principal: Fajardo Hoyos, Nilsa Eugenia (Autor)
Formato: Electrónico eBook
Lenguaje:español
Publicado: Popayán, Colombia : Editorial Universidad del Cauca, 2023.
Edición:Primera edición en español.
Materias:
Acceso en línea:Digitalia Hispánica

MARC

LEADER 00000nam a2200000Ii 4500
001 DIGUCAUCA0163
003 NyNyDIG
006 m o d
007 cr |||||||||||
008 250611s2023 ck a ob 001 0 spa d
035 |a (OCoLC)1517039135 
040 |a DGITA  |b eng  |e rda  |e pn  |c DGITA 
020 |a 9789587326383  |q digital 
020 |z 9789587326376  |q impreso 
043 |a s-ck--- 
050 1 4 |a KHF5400 ebook 
100 1 |a Fajardo Hoyos, Nilsa Eugenia,  |e author. 
245 1 0 |a Aplicación del enfoque de género en el proceso penal colombiano /  |c Nilsa Eugenia Fajardo Hoyos. 
250 |a Primera edición en español. 
264 1 |a Popayán, Colombia :  |b Editorial Universidad del Cauca,  |c 2023. 
300 |a 1 online resource :  |b illustrations. 
336 |a text  |b txt  |2 rdacontent 
337 |a computer  |b c  |2 rdamedia 
338 |a online resource  |b cr  |2 rdacarrier 
347 |a text file  |2 rdaft  
347 |b PDF 
504 |a Includes bibliographical references and index. 
588 0 |a Online resource; title from PDF title page (Digitalia, viewed June 11, 2025) 
650 0 |a Criminal procedure  |z Colombia. 
650 0 |a Sex discrimination in justice administration  |z Colombia. 
776 0 8 |i Print version:  |a Fajardo Hoyos, Nilsa Eugenia.  |t Aplicación del enfoque de género en el proceso penal colombiano.  |b Primera edición en español.  |d Popayán, Colombia : Editorial Universidad del Cauca, 2023  |z 9789587326376 
791 2 |a Digitalia (Firm),  |e distributor. 
793 0 |g Digitalia eBook Collection:  |a Editorial Universidad del Cauca 
856 4 0 |3 Digitalia Hispánica  |u https://www.digitaliapublishing.com/a/173787/ 
910 |a Premium collection: 2025